শিহরণ: (Record no. 30025)

MARC details
000 -LEADER
fixed length control field 01049nam a22002057a 4500
003 - CONTROL NUMBER IDENTIFIER
control field BDDh-ASL
005 - DATE AND TIME OF LATEST TRANSACTION
control field 20231015031111.0
008 - FIXED-LENGTH DATA ELEMENTS--GENERAL INFORMATION
fixed length control field 220602n b ||||| |||| 00| 0 b d
040 ## - CATALOGING SOURCE
Transcribing agency BDDh-ASL
041 ## - LANGUAGE CODE
Language code of text/sound track or separate title ben
082 ## - DEWEY DECIMAL CLASSIFICATION NUMBER
Classification number 923.2
Item number SHI
245 10 - TITLE STATEMENT
Title শিহরণ:
Remainder of title ১৫ আগষ্ট জাতীয় শোক দিবস স্মরণে /
246 ## - VARYING FORM OF TITLE
Title proper/short title Shihoron.
260 ## - PUBLICATION, DISTRIBUTION, ETC.
Place of publication, distribution, etc. চট্টগ্রাম:
Name of publisher, distributor, etc. প্রনব সিংহ,
300 ## - PHYSICAL DESCRIPTION
Extent ১২৮ পৃষ্ঠা:
Other physical details ছবি;
Dimensions ২১ সে.মি.
600 10 - SUBJECT ADDED ENTRY--PERSONAL NAME
9 (RLIN) 3054
Personal name Rahman, Sheikh Mujibur ( শেখ মুজিবুর রহমান)
Titles and other words associated with a name Bangabandhu (বঙ্গবন্ধু)
Dates associated with a name 1920-1975 (১৯২০-১৯৭৫)
650 #0 - SUBJECT ADDED ENTRY--TOPICAL TERM
9 (RLIN) 4442
Topical term or geographic name entry element বঙ্গবন্ধু (Bangabandhu) শেখ মুজিবুর রহমান (Sheikh Mujibur Rahman)
General subdivision মুক্তিযুদ্ধ (Muktijuddha) Liberation War
Geographic subdivision বাংলাদেশ (Bangladesh)
700 1# - ADDED ENTRY--PERSONAL NAME
Personal name হাসান, মোহাম্মদ
9 (RLIN) 6973
942 ## - ADDED ENTRY ELEMENTS (KOHA)
Source of classification or shelving scheme Dewey Decimal Classification
Koha item type Books
Holdings
Withdrawn status Lost status Source of classification or shelving scheme Damaged status Not for loan Collection code Home library Current library Shelving location Date acquired Source of acquisition Total Checkouts Full call number Barcode Date last seen Copy number Price effective from Koha item type
    Dewey Decimal Classification     Non-fiction Asiatic Society Library Asiatic Society Library Bangabondhu Collection 01/25/2023 Complementary   923.2 SHI 118340 01/25/2023 C-1 01/25/2023 Books

Powered by Koha